Statistiques concernant Culture Générale - Série 2028

Cliquez ici pour prendre le quiz!

Statistiques générales

  • Ce quiz a été pris 86 fois
  • Le résultat moyen est 4 sur 10

Statistiques - réponses

QuestionRéponse% Correct
Comment appelait-on un musicien et chanteur ambulant au Moyen Age - 9 lettres commençant par " m " ?menestrel
71%
Jouissance extrême - 7 lettres commençant par " o "orgasme
71%
Quelle baie au Viêt Nam est connue pour ses eaux turquoise et ses milliers d'îles imposantes en roche calcaire couvertes de forêts tropicales ? voir photoalong
60%
Tissu de laine assez grossier servant de base à la confection de vêtements pour les religieux et en particulier pour les frocs des moines.bure
46%
C'est une maladie tropicale dont l'anagramme est "pain"pian
44%
Danse traditionnelle espagnole répandue à peu près partout dans ce pays et consonne espagnolejota
39%
Préparation de poissons d'eau douce, cuits au vin rouge avec des oignons et des champignons - 8 lettres commençant par " m "matelote
21%
Dans quel département français se trouve le massif du Cap- Sicié ?Var
21%
Habitation traditionnelle de Tahitifaré
16%
Dans l'Égypte ancienne c'était un édicule de pierre ou de bois placé dans le sanctuaire d'un temple et destiné à recevoir la statue de la divinité - 4 lettre commençant par " n "naos
5%

Distribution des résultats

Percentile par nombre de réponses

% des personnes avec chaque résultat

Votre développement - résultats

Vous n’avez pas pris ce quiz